000 00262nam a2200097Ia 4500
001 967760
005 20250826220330.0
008 250824s9999 xx 000 0 und d
245 0 _aONLAR BENİM KAHRAMANIM
_cDOĞAN CÜCELOĞLU
260 _bREMZİ KİTABEVİ YAYINLARI
999 _c967760
_d967760